| 000 | 00763nam a22002177a 4500 | ||
|---|---|---|---|
| 999 |
_c17852 _d17852 |
||
| 003 | AR-CdUCM | ||
| 008 | 190509b ||||| |||| 00| 0 spa d | ||
| 040 |
_aMUNICIPALIDAD PROVINCIAL DEL CUSCO _cBIBLIOTECA MUNICIPAL DEL CUSCO |
||
| 082 |
_a299.51 / _bC27 |
||
| 100 |
_aCarpio, Adolfo .P _938043 |
||
| 245 | _aEl Tao te king de Lao Tse / | ||
| 260 |
_aBuenos Aires : _bSudamericana, _c1957. |
||
| 300 |
_a177 páginas, _c23 cm. |
||
| 440 |
_aColección Oriente y Occidente _938044 |
||
| 505 | _aContenido : Introducción al Tao Te King -- El principio -- Cultivo de uno mismo -- Repugnar la verguenza... | ||
| 650 |
_aPensamiento chino _938045 |
||
| 650 |
_aOrígenes y escuelas _938046 |
||
| 650 |
_aYin yang _938047 |
||
| 942 |
_2ddc _cLIBROS |
||
| 945 | _arcc | ||